[Event "NSU Open Mesterklassen 2013"]
[Site "Hillerod"]
[Date "2013.01.04"]
[Round "1"]
[White "Falkesgaard, Jorgen"]
[Black "Kristensen, Kaare Hove"]
[Result "0-1"]
[WhiteElo "1863"]
[BlackElo "2339"]
[PlyCount "50"]
[EventDate "2013.??.??"]

1. Nf3 d5 2. g3 c5 3. d3 Nc6 4. Bg2 Nf6 5. Nbd2 g6 6. O-O Bg7 7. e4 O-O 8. c3
e5 9. Ng5 h6 10. exd5 Nxd5 11. Nge4 b6 12. a3 f5 13. Qa4 Nce7 14. c4 Bd7 15.
Qc2 Nc7 16. Nc3 Bc6 17. Nf3 Qd6 18. Qe2 Rad8 19. Rd1 Ne6 20. a4 Bxf3 21. Qxf3
Nd4 22. Qb7 Rd7 23. Qa6 Nc2 24. Rb1 Nb4 25. Qb5 a6 0-1

[Event "NSU Open Mesterklassen 2013"]
[Site "Hillerod"]
[Date "2013.01.04"]
[Round "1"]
[White "Hove, Esben Kjems"]
[Black "Percivaldi, Martin"]
[Result "1/2-1/2"]
[WhiteElo "2260"]
[BlackElo "2034"]
[PlyCount "47"]
[EventDate "2013.??.??"]

1. d4 d5 2. Nf3 Nf6 3. Bf4 c5 4. e3 Nc6 5. dxc5 e6 6. a3 Bxc5 7. b4 Be7 8. Nbd2
O-O 9. b5 Na5 10. Bd3 b6 11. O-O Bb7 12. Ne5 Rc8 13. Qf3 Bd6 14. Qh3 g6 15.
Ndf3 Qc7 16. Qh4 Ne4 17. Bxe4 dxe4 18. Ng5 h5 19. Qg3 Nc4 20. Ngxf7 Rxf7 21.
Qxg6+ Rg7 22. Qxe6+ Kh7 23. Qh6+ Kg8 24. Qe6+ 1/2-1/2

[Event "NSU Open Mesterklassen 2013"]
[Site "Hillerod"]
[Date "2013.01.04"]
[Round "1"]
[White "Ostergaard, Jens"]
[Black "Erlandsen, Carsten"]
[Result "1/2-1/2"]
[WhiteElo "2274"]
[BlackElo "2083"]
[PlyCount "52"]
[EventDate "2013.??.??"]

1. d4 Nf6 2. Nf3 g6 3. c4 Bg7 4. Nc3 d5 5. cxd5 Nxd5 6. e4 Nxc3 7. bxc3 c5 8.
Rb1 Nc6 9. d5 Bxc3+ 10. Bd2 Bxd2+ 11. Qxd2 Nb8 12. Qc3 O-O 13. Qxc5 Nd7 14. Qc2
Nb6 15. Be2 e6 16. O-O exd5 17. Rfd1 Bd7 18. Qb2 Re8 19. Ne5 Ba4 20. Ng4 Bxd1
21. Nh6+ Kf8 22. Qh8+ Ke7 23. Qe5+ Kf8 24. Qh8+ Ke7 25. Qe5+ Kf8 26. Qh8+ Ke7
1/2-1/2

[Event "NSU Open Mesterklassen 2013"]
[Site "Hillerod"]
[Date "2013.01.04"]
[Round "1"]
[White "Pedersen, Henrik Bolding"]
[Black "Montgomery, Jan ElkjaerFrantsen"]
[Result "1/2-1/2"]
[WhiteElo "2109"]
[BlackElo "2173"]
[PlyCount "41"]
[EventDate "2013.??.??"]

1. e4 c5 2. c3 Nf6 3. e5 Nd5 4. Nf3 e6 5. Bc4 d6 6. d4 cxd4 7. cxd4 Nb6 8. Bd3
dxe5 9. dxe5 N8d7 10. O-O Nc5 11. Bb5+ Bd7 12. Nc3 a6 13. Be2 Bc6 14. Nd4 Qc7
15. Nxc6 bxc6 16. Bf3 Be7 17. Qe2 O-O 18. Bf4 Nd5 19. Bg3 Nxc3 20. bxc3 Rab8
21. Rab1 1/2-1/2

[Event "NSU Open Mesterklassen 2013"]
[Site "Hillerod"]
[Date "2013.01.04"]
[Round "1"]
[White "Schmidt, Tommy B"]
[Black "Jakobsen, Peter"]
[Result "1/2-1/2"]
[WhiteElo "2196"]
[BlackElo "2230"]
[PlyCount "56"]
[EventDate "2013.??.??"]

1. Nf3 d5 2. c4 e6 3. g3 Nf6 4. Bg2 Be7 5. O-O O-O 6. b3 c5 7. Bb2 Nc6 8. e3 b6
9. cxd5 Nxd5 10. a3 Ba6 11. d3 Bf6 12. Ra2 Bxb2 13. Rxb2 Qf6 14. Rd2 Rfd8 15.
Qc2 Rac8 16. Rc1 h6 17. Nc3 Nxc3 18. Qxc3 e5 19. Ne1 Qd6 20. Qb2 f5 21. Rcd1
Kh7 22. Bh3 g6 23. Bg2 Qe7 24. Rb1 Bb7 25. Rbd1 Rd7 26. Rc1 Qd6 27. Rdc2 Rdc7
28. Rd2 Rd8 1/2-1/2

[Event "NSU Open Mesterklassen 2013"]
[Site "Hillerod"]
[Date "2013.01.04"]
[Round "1"]
[White "Schultz Pedersen, Jesper"]
[Black "Strange, Mikkel"]
[Result "0-1"]
[WhiteElo "2159"]
[BlackElo "2315"]
[PlyCount "32"]
[EventDate "2013.??.??"]

1. e4 e5 2. Nf3 Nf6 3. Nxe5 d6 4. Nf3 Nxe4 5. Qe2 Qe7 6. d3 Nf6 7. Bg5 Nbd7 8.
Nc3 h6 9. Bh4 g5 10. Bg3 Nh5 11. Nd5 Qxe2+ 12. Bxe2 Kd8 13. Nd4 Nxg3 14. fxg3
Nb6 15. Nf6 Bg7 16. O-O Nd7 0-1

[Event "NSU Open Mesterklassen 2013"]
[Site "Hillerod"]
[Date "2013.01.05"]
[Round "2"]
[White "Hove, Esben Kjems"]
[Black "Ostergaard, Jens"]
[Result "1-0"]
[WhiteElo "2260"]
[BlackElo "2274"]
[PlyCount "126"]
[EventDate "2013.??.??"]

1. d4 Nf6 2. Bg5 e6 3. Nd2 h6 4. Bh4 d5 5. e3 c5 6. c3 Nc6 7. Ngf3 Be7 8. Bd3
Nd7 9. Bg3 Bf6 10. O-O O-O 11. Bd6 Be7 12. Bxe7 Qxe7 13. e4 cxd4 14. exd5 exd5
15. Nxd4 Nxd4 16. cxd4 Nb8 17. Nb3 Nc6 18. Bb5 Nd8 19. Qd2 a6 20. Rfe1 Qf6 21.
Be2 Nc6 22. Bf3 Be6 23. Red1 Rac8 24. Rac1 a5 25. Be2 b6 26. Ba6 Rc7 27. Rc3 a4
28. Na1 a3 29. bxa3 Ra7 30. Rxc6 Rxa6 31. Nc2 Qg5 32. Qxg5 hxg5 33. Nb4 Rxa3
34. Rxb6 Rc3 35. f3 Ra8 36. Ra6 Rac8 37. Kf2 g4 38. fxg4 Bxg4 39. Rd2 Be6 40.
Ra5 Rd8 41. Rc2 Rxc2+ 42. Nxc2 Rb8 43. Kf3 Rb2 44. Ne3 Rd2 45. Nxd5 Rxd4 46.
Nf4 Bd7 47. Ke3 Rb4 48. Ra8+ Kh7 49. Ra7 Bc6 50. g3 g5 51. Ne2 Bd5 52. Ra5 Be6
53. Nd4 Kg6 54. h4 gxh4 55. gxh4 Bc8 56. Nc6 Rb7 57. a4 Be6 58. Rg5+ Kf6 59. a5
Rb3+ 60. Kd4 Bd7 61. Rc5 Rh3 62. h5 Ke6 63. Nb8 Rh4+ 1-0

[Event "NSU Open Mesterklassen 2013"]
[Site "Hillerod"]
[Date "2013.01.05"]
[Round "2"]
[White "Jakobsen, Peter"]
[Black "Montgomery, Jan ElkjaerFrantsen"]
[Result "1/2-1/2"]
[WhiteElo "2230"]
[BlackElo "2173"]
[PlyCount "151"]
[EventDate "2013.??.??"]

1. d4 d5 2. c4 e6 3. Nf3 Nf6 4. Nc3 c6 5. e3 Nbd7 6. Bd3 dxc4 7. Bxc4 b5 8. Bd3
b4 9. Ne4 Nxe4 10. Bxe4 Bb7 11. O-O Bd6 12. Bd2 O-O 13. Qa4 f5 14. Bd3 c5 15.
Be2 Nb6 16. Qa5 Bxf3 17. Bxf3 Nc4 18. Qxd8 Raxd8 19. Bc1 cxd4 20. exd4 Bc7 21.
b3 Na3 22. Bg5 Rxd4 23. Be3 Rd7 24. Rac1 Bb6 25. Bxb6 axb6 26. Rc6 e5 27. Rxb6
e4 28. Be2 Rd2 29. Ba6 Rf6 30. Rxf6 gxf6 31. Bc8 f4 32. Bf5 e3 33. fxe3 fxe3
34. Re1 Rf2 35. Be6+ Kg7 36. Rxe3 Rxa2 37. Rg3+ Kf8 38. Rh3 Kg7 39. Bf5 h6 40.
Rh4 Nc2 41. Bxc2 Rxc2 42. Rxb4 Rb2 43. Rg4+ Kf7 44. Rg3 Ke6 45. h3 h5 46. h4
Ke5 47. Kh2 Ke4 48. Rc3 f5 49. Rc4+ Kd5 50. Rb4 Ke5 51. Kg3 Rb1 52. Kf3 Rf1+
53. Ke2 Rg1 54. Kf2 Rb1 55. g3 Rb2+ 56. Ke3 Rb1 57. Rb5+ Kf6 58. b4 Re1+ 59.
Kf2 Rb1 60. Rb8 Ke5 61. b5 Rb2+ 62. Ke3 Rb3+ 63. Kf2 Rb2+ 64. Ke1 Ke4 65. b6
Kd5 66. b7 Kc6 67. Rf8 Rxb7 68. Rf6+ Kd5 69. Rxf5+ Ke4 70. Rxh5 Ke3 71. Re5+
Kf3 72. Rg5 Rb1+ 73. Kd2 Rb2+ 74. Kd3 Rb6 75. Kd4 Re6 76. Kd5 1/2-1/2

[Event "NSU Open Mesterklassen 2013"]
[Site "Hillerod"]
[Date "2013.01.05"]
[Round "2"]
[White "Percivaldi, Martin"]
[Black "Erlandsen, Carsten"]
[Result "1-0"]
[WhiteElo "2034"]
[BlackElo "2083"]
[PlyCount "125"]
[EventDate "2013.??.??"]

1. d4 Nf6 2. c4 g6 3. g3 c5 4. d5 b5 5. cxb5 a6 6. bxa6 d6 7. Nc3 Bxa6 8. Nf3
Bg7 9. Bg2 O-O 10. O-O Nbd7 11. Qc2 Nb6 12. Rd1 Ra7 13. e4 Nfd7 14. Rb1 Qa8 15.
a3 Rc8 16. Bf1 Bxf1 17. Kxf1 Rb7 18. b3 Rcb8 19. Kg2 Ne5 20. Nxe5 Bxe5 21. Ne2
Nd7 22. f4 Bg7 23. Rd3 Qa6 24. Rf3 Rb6 25. Nc3 Qb7 26. Na4 Ra6 27. Qc4 Rba8 28.
Nc3 Nb6 29. Qe2 Nd7 30. Qc2 Rb6 31. Nd1 Rb8 32. Qc4 Ra6 33. Ne3 Bd4 34. Qc2
Bxe3 35. Rxe3 f6 36. Kf2 Rb6 37. Bd2 Qa6 38. a4 R6b7 39. Qd3 Qa7 40. Qc3 Nb6
41. Ra1 Na8 42. Qc2 Nc7 43. Rc1 Na6 44. Kg2 Nb4 45. Qd1 Rb6 46. Bxb4 Rxb4 47.
Qf3 Rd4 48. Rc2 Rbb4 49. Rce2 Qb7 50. g4 c4 51. bxc4 Rbxc4 52. a5 Ra4 53. g5 f5
54. exf5 Rxf4 55. Rxe7 Rxf3 56. Rxb7 Rxf5 57. Re8+ Rf8 58. Rxf8+ Kxf8 59. Ra7
Rd4 60. a6 Ra4 61. Ra8+ Kg7 62. a7 Kf7 63. Rh8 1-0

[Event "NSU Open Mesterklassen 2013"]
[Site "Hillerod"]
[Date "2013.01.05"]
[Round "2"]
[White "Schultz Pedersen, Jesper"]
[Black "Pedersen, Martin Rosenkilde"]
[Result "1-0"]
[WhiteElo "2159"]
[BlackElo "2149"]
[PlyCount "67"]
[EventDate "2013.??.??"]

1. e4 c5 2. b4 cxb4 3. a3 d5 4. exd5 Qxd5 5. Nf3 e5 6. Bb2 Nc6 7. c4 Qe6 8. Bd3
Nf6 9. O-O Be7 10. Re1 O-O 11. Nxe5 Nxe5 12. Rxe5 Qd7 13. Be2 Qc7 14. axb4 Bd6
15. Re3 Bxh2+ 16. Kh1 Bf4 17. Bxf6 Bxe3 18. fxe3 gxf6 19. Nc3 Qe5 20. Ra5 Qg3
21. Rh5 f5 22. Nd5 Qg7 23. Qe1 Be6 24. Qh4 f6 25. Nf4 Bd7 26. Bf3 a5 27. Bxb7
axb4 28. Bd5+ Kh8 29. Rh6 Ra1+ 30. Kh2 Rf7 31. Bxf7 Qxf7 32. Rxf6 Qe8 33. Rf8+
Kg7 34. Qf6# 1-0

[Event "NSU Open Mesterklassen 2013"]
[Site "Hillerod"]
[Date "2013.01.05"]
[Round "2"]
[White "Strange, Mikkel"]
[Black "Kristensen, Kaare Hove"]
[Result "1-0"]
[WhiteElo "2315"]
[BlackElo "2339"]
[PlyCount "87"]
[EventDate "2013.??.??"]

1. e4 c5 2. c3 g6 3. Nf3 Bg7 4. d4 cxd4 5. cxd4 d5 6. e5 Nc6 7. h3 f6 8. Nc3
fxe5 9. dxe5 e6 10. Bb5 Nge7 11. O-O a6 12. Bxc6+ Nxc6 13. Re1 O-O 14. Bg5 Qc7
15. Rc1 Bd7 16. Na4 Rae8 17. Nc5 Bc8 18. Nd3 Qa5 19. a3 Rf7 20. Rc5 Qb6 21. Be3
Qd8 22. b4 Ref8 23. Bg5 Qe8 24. a4 h6 25. Be3 g5 26. b5 axb5 27. Rxb5 Rxf3 28.
gxf3 Qh5 29. Kg2 Rf5 30. f4 Qf7 31. Qg4 Kh7 32. fxg5 hxg5 33. h4 Nxe5 34. Nxe5
Bxe5 35. hxg5 d4 36. Qh4+ Kg8 37. Rxe5 dxe3 38. Rxf5 Qxf5 39. Rxe3 Bd7 40. g6
Bc6+ 41. Kh2 Kf8 42. Qd8+ Be8 43. Qd6+ Kg7 44. Qe7+ 1-0

[Event "NSU Open Mesterklassen 2013"]
[Site "Hillerod"]
[Date "2013.01.05"]
[Round "2"]
[White "Tandrup, Michael"]
[Black "Falkesgaard, Jorgen"]
[Result "1/2-1/2"]
[WhiteElo "1957"]
[BlackElo "1863"]
[PlyCount "88"]
[EventDate "2013.??.??"]

1. d4 Nf6 2. Nf3 e6 3. g3 b6 4. Bg2 Bb7 5. O-O Be7 6. c4 O-O 7. Nc3 d5 8. Ne5
Nbd7 9. Qa4 c5 10. Nxd7 Nxd7 11. cxd5 cxd4 12. Qxd4 Bf6 13. Qd1 Bxc3 14. bxc3
e5 15. Ba3 Re8 16. Qa4 a6 17. Rfd1 Rc8 18. Rac1 b5 19. Qc2 Qf6 20. Bh3 Red8 21.
Bb4 Qh6 22. Bxd7 Rxd7 23. Qf5 Rcd8 24. e4 Qf6 25. Qxf6 gxf6 26. c4 bxc4 27.
Rxc4 f5 28. f3 fxe4 29. fxe4 f5 30. Ba5 Rf8 31. Bc3 fxe4 32. Rxe4 Rxd5 33. Rxd5
Bxd5 34. Rg4+ Kf7 35. Bxe5 Ke6 36. Bc3 Rf7 37. Ra4 Bb7 38. a3 Rc7 39. Ba5 Rc2
40. Rh4 Kf5 41. Rxh7 Be4 42. Kf1 Kg4 43. Rf7 Bd3+ 44. Ke1 Rxh2 1/2-1/2

[Event "NSU Open Mesterklassen 2013"]
[Site "Hillerod"]
[Date "2013.01.05"]
[Round "3"]
[White "Erlandsen, Carsten"]
[Black "Pedersen, Martin Rosenkilde"]
[Result "0-1"]
[WhiteElo "2083"]
[BlackElo "2149"]
[PlyCount "98"]
[EventDate "2013.??.??"]

1. d4 f5 2. Bg5 g6 3. Nc3 Bg7 4. e4 fxe4 5. Nxe4 d5 6. Ng3 Nh6 7. Bd3 Nf7 8.
Be3 e5 9. Qe2 e4 10. Bb5+ c6 11. Ba4 Qa5+ 12. Bd2 Qxa4 13. f3 O-O 14. fxe4 dxe4
15. Nxe4 Qxc2 16. Nf3 Qxb2 17. O-O Qb5 18. Qe1 Na6 19. Nfg5 Bf5 20. Nxf7 Bxe4
21. Qxe4 Rxf7 22. Rxf7 Kxf7 23. Rb1 Qd5 24. Rxb7+ Kg8 25. Qe7 Qxd4+ 26. Be3
Qa1+ 27. Kf2 Qxa2+ 28. Kg3 Qa1 29. Qf7+ Kh8 30. Rxa7 Qe1+ 31. Bf2 Qe5+ 32. Kh3
Rxa7 33. Qxa7 Qf5+ 34. g4 Qf3+ 35. Bg3 Qf1+ 36. Kh4 g5+ 37. Kh5 Qh3+ 38. Kxg5
Qh6+ 39. Kf5 Qg6+ 40. Kf4 Qf6+ 41. Ke4 Qe6+ 42. Kf3 Qd5+ 43. Ke2 Qc4+ 44. Kf3
Qd5+ 45. Ke2 Qc4+ 46. Kf3 h6 47. Kg2 Nb4 48. Qc7 Qxg4 49. Qd6 Qe4+ 0-1

[Event "NSU Open Mesterklassen 2013"]
[Site "Hillerod"]
[Date "2013.01.05"]
[Round "3"]
[White "Falkesgaard, Jorgen"]
[Black "Ostergaard, Jens"]
[Result "0-1"]
[WhiteElo "1863"]
[BlackElo "2274"]
[PlyCount "86"]
[EventDate "2013.??.??"]

1. g3 Nf6 2. Bg2 c5 3. d3 Nc6 4. e4 d6 5. c4 g6 6. Nc3 Bg7 7. Nge2 O-O 8. O-O
a6 9. a4 Rb8 10. f4 Ne8 11. f5 Nc7 12. Bg5 Ne5 13. Qd2 Bd7 14. a5 b5 15. axb6
Rxb6 16. fxg6 hxg6 17. Ra2 Bc6 18. Nd5 Bxd5 19. exd5 Qd7 20. Nf4 Rfb8 21. Bh3
Qe8 22. Kg2 Rb3 23. Rf2 Kh8 24. Bh4 f6 25. d4 cxd4 26. Qxd4 g5 27. Ne6 Nxe6 28.
Bxe6 Qh5 29. Rf5 Qe2+ 30. Rf2 Qxc4 31. Qd1 Qe4+ 32. Kg1 Nf3+ 33. Kf1 gxh4 34.
Re2 Qd3 35. Qxd3 Rxd3 36. Rxa6 Nd4 37. Re4 Nxe6 38. Rxh4+ Kg8 39. dxe6 Rxb2 40.
Ra8+ Bf8 41. Rg4+ Kh7 42. Rh4+ Bh6 43. Ke1 Re3+ 0-1

[Event "NSU Open Mesterklassen 2013"]
[Site "Hillerod"]
[Date "2013.01.05"]
[Round "3"]
[White "Jakobsen, Peter"]
[Black "Pedersen, Henrik Bolding"]
[Result "1-0"]
[WhiteElo "2230"]
[BlackElo "2109"]
[PlyCount "109"]
[EventDate "2013.??.??"]

1. d4 Nf6 2. c4 e5 3. dxe5 Ng4 4. Bf4 Bb4+ 5. Nd2 Nc6 6. Ngf3 Qe7 7. e3 Ngxe5
8. Nxe5 Nxe5 9. Be2 O-O 10. O-O Ng6 11. Bg3 Bd6 12. Bxd6 Qxd6 13. Qc2 b6 14.
Rad1 Bb7 15. Bf3 Bxf3 16. Nxf3 Qe7 17. Nd4 Rfe8 18. Nf5 Qe6 19. c5 bxc5 20.
Qxc5 d6 21. Qc2 Ne7 22. Nxe7+ Rxe7 23. b3 Qe4 24. Qxe4 Rxe4 25. Rc1 c5 26. Rfd1
a5 27. Rxd6 a4 28. g3 axb3 29. axb3 Rb4 30. Rxc5 Rxb3 31. Rc7 Rb5 32. Rdd7 Rf8
33. Kg2 Rbb8 34. g4 Rbd8 35. f4 g6 36. Kf3 Rxd7 37. Rxd7 Ra8 38. f5 Kg7 39. e4
Ra3+ 40. Kf4 Ra2 41. e5 Ra4+ 42. Kf3 gxf5 43. gxf5 Ra5 44. Kf4 Kf8 45. f6 Ke8
46. Re7+ Kf8 47. Rb7 Ke8 48. Rb8+ Kd7 49. Rf8 Ke6 50. Re8+ Kd5 51. e6 Ra4+ 52.
Kg5 h6+ 53. Kxh6 Ra7 54. exf7 Rxf7 55. Kg6 1-0

[Event "NSU Open Mesterklassen 2013"]
[Site "Hillerod"]
[Date "2013.01.05"]
[Round "3"]
[White "Kristensen, Kaare Hove"]
[Black "Hove, Esben Kjems"]
[Result "1-0"]
[WhiteElo "2339"]
[BlackElo "2260"]
[PlyCount "67"]
[EventDate "2013.??.??"]

1. e4 d5 2. exd5 Qxd5 3. Nc3 Qd8 4. d4 Nf6 5. Bg5 e6 6. Nf3 Be7 7. Bd3 Nbd7 8.
Qe2 c6 9. O-O-O Nd5 10. Ne4 N7f6 11. h4 Nb4 12. Nxf6+ gxf6 13. Bd2 Nxa2+ 14.
Kb1 Nb4 15. Bxb4 Bxb4 16. Rh3 Bd7 17. c3 Bd6 18. Nd2 Qe7 19. Ne4 O-O-O 20. g4
Bf4 21. Nc5 Kb8 22. Rf3 Bc7 23. Qe3 h5 24. g5 fxg5 25. Qxg5 Qxg5 26. hxg5 Be8
27. Rh1 e5 28. Bc4 exd4 29. Bxf7 dxc3 30. g6 Be5 31. Re1 Bd6 32. Ne6 Rc8 33. g7
Bxf7 34. gxh8=Q 1-0

[Event "NSU Open Mesterklassen 2013"]
[Site "Hillerod"]
[Date "2013.01.06"]
[Round "4"]
[White "Erlandsen, Carsten"]
[Black "Falkesgaard, Jorgen"]
[Result "1-0"]
[WhiteElo "2083"]
[BlackElo "1863"]
[PlyCount "100"]
[EventDate "2013.??.??"]

1. d4 Nf6 2. c4 e6 3. Nf3 d5 4. Bg5 Be7 5. e3 O-O 6. Nc3 c6 7. Qc2 h6 8. Bh4 b6
9. O-O-O a5 10. e4 Ba6 11. e5 Nh7 12. Bxe7 Qxe7 13. Bd3 Ng5 14. Nd2 b5 15. c5
b4 16. Ne2 a4 17. h4 Bxd3 18. Qxd3 Nh7 19. Nf4 Na6 20. Rde1 Nxc5 21. dxc5 Qxc5+
22. Kb1 Qxf2 23. Nf3 a3 24. Re2 Qg3 25. Qe3 axb2 26. Rh3 Qg4 27. Nh2 Qf5+ 28.
Kxb2 Ra3 29. g4 Rxe3 30. gxf5 Rxh3 31. Nxh3 c5 32. Nf4 g5 33. Nd3 exf5 34. Nxc5
g4 35. Nd3 Re8 36. Nf4 d4 37. Nf1 Nf8 38. Ng3 Ng6 39. Nd5 Rxe5 40. Rxe5 Nxe5
41. Nxf5 Nd3+ 42. Kc2 Ne5 43. Nxb4 Kh7 44. Nd3 Kg6 45. Ne7+ Kf6 46. Ng8+ Ke6
47. Nxh6 g3 48. Nf4+ Kd6 49. a4 d3+ 50. Kc3 Ke7 1-0

[Event "NSU Open Mesterklassen 2013"]
[Site "Hillerod"]
[Date "2013.01.06"]
[Round "4"]
[White "Hove, Esben Kjems"]
[Black "Tandrup, Michael"]
[Result "1-0"]
[WhiteElo "2260"]
[BlackElo "1957"]
[PlyCount "57"]
[EventDate "2013.??.??"]

1. d4 e6 2. c4 Nf6 3. Nc3 Bb4 4. Qc2 c5 5. dxc5 Nc6 6. Nf3 Bxc5 7. Bg5 Nd4 8.
Nxd4 Bxd4 9. e3 Bxc3+ 10. Qxc3 Ne4 11. Bxd8 Nxc3 12. Bc7 Ne4 13. f3 Nf6 14. Bd6
b6 15. Be2 Bb7 16. Kf2 Kd8 17. Rhd1 Ne8 18. Bb4 Bc6 19. e4 h5 20. Bc3 f6 21. b4
Ke7 22. a4 Rb8 23. b5 Bb7 24. a5 e5 25. Bd2 g5 26. Be3 Bc8 27. c5 bxa5 28. Rxa5
Rb7 29. Rda1 1-0

[Event "NSU Open Mesterklassen 2013"]
[Site "Hillerod"]
[Date "2013.01.06"]
[Round "4"]
[White "Kristensen, Kaare Hove"]
[Black "Percivaldi, Martin"]
[Result "1-0"]
[WhiteElo "2339"]
[BlackElo "2034"]
[PlyCount "125"]
[EventDate "2013.??.??"]

1. e4 e6 2. d4 d5 3. Nc3 Nf6 4. Bg5 dxe4 5. Nxe4 Be7 6. Bxf6 gxf6 7. Be2 b6 8.
Bf3 c6 9. Ne2 Qc7 10. Qd2 Nd7 11. Qh6 Bb7 12. Qg7 Rf8 13. Qxh7 f5 14. Nd2 O-O-O
15. Qh6 Rh8 16. Qf4 Bd6 17. Qe3 Bf8 18. O-O-O Rxh2 19. Rxh2 Qxh2 20. g3 Qh6 21.
Nf4 Qf6 22. Nc4 Kc7 23. c3 Ba6 24. Be2 Bxc4 25. Bxc4 Bd6 26. Kc2 Rh8 27. Nd3
Qh6 28. f4 Qg7 29. Qf3 Rg8 30. Rg1 Nf6 31. Ne5 Bxe5 32. dxe5 Ne4 33. g4 Qh7 34.
Rh1 fxg4 35. Qg2 Qf5 36. Bd3 Qxf4 37. Qxe4 Qf2+ 38. Kb3 Rg7 39. Qd4 Qxd4 40.
cxd4 g3 41. Kc3 c5 42. Rg1 g2 43. dxc5 bxc5 44. Be4 Rg5 45. Rxg2 Rxe5 46. Bd3
Rd5 47. Rg7 Rd7 48. Bb5 Re7 49. Kc4 Kd6 50. Rg8 Rc7 51. Rd8+ Ke7 52. Re8+ Kd6
53. a4 f5 54. a5 Rf7 55. Rd8+ Ke5 56. Rd7 Rxd7 57. Bxd7 Kd6 58. Bc8 f4 59. Bb7
Kc7 60. Bh1 Kd6 61. Bf3 Kd7 62. Kxc5 Kc7 63. b4 1-0

[Event "NSU Open Mesterklassen 2013"]
[Site "Hillerod"]
[Date "2013.01.06"]
[Round "4"]
[White "Ostergaard, Jens"]
[Black "Montgomery, Jan ElkjaerFrantsen"]
[Result "1/2-1/2"]
[WhiteElo "2274"]
[BlackElo "2173"]
[PlyCount "107"]
[EventDate "2013.??.??"]

1. d4 Nf6 2. Nf3 e6 3. c4 d5 4. Nc3 Nbd7 5. Bg5 c6 6. e3 Qa5 7. Nd2 Bb4 8. Qc2
c5 9. Bxf6 Nxf6 10. Nb3 Qc7 11. dxc5 O-O 12. a3 Bxc5 13. cxd5 Bb6 14. dxe6 Bxe6
15. Be2 Rac8 16. O-O Qe5 17. Nd2 Nd5 18. Nf3 Qf6 19. Rac1 Nxc3 20. bxc3 Rc5 21.
c4 Rfc8 22. Qb3 Rh5 23. Rfd1 g5 24. Nd4 Rh4 25. Nxe6 Qxe6 26. Qb5 Rc5 27. Rd8+
Kg7 28. Qe8 Bxd8 29. Qxd8 Qe5 30. g3 Rh6 31. Rd1 Rcc6 32. Rd5 Rcd6 33. Qxg5+
Qxg5 34. Rxg5+ Rhg6 35. Rb5 Rb6 36. Bf3 a6 37. Rc5 Rb3 38. Rc7 b6 39. Bd5 Rf6
40. e4 Rb1+ 41. Kg2 Rb2 42. e5 Rfxf2+ 43. Kh3 Kg6 44. c5 bxc5 45. g4 Rxh2+ 46.
Kg3 Rhd2 47. Rxc5 Kg5 48. e6 fxe6 49. Bxe6+ Kf6 50. Bc4 Rd6 51. g5+ Ke7 52. Kf4
Rf2+ 53. Ke4 Rg2 54. Kf5 1/2-1/2

[Event "NSU Open Mesterklassen 2013"]
[Site "Hillerod"]
[Date "2013.01.06"]
[Round "4"]
[White "Pedersen, Henrik Bolding"]
[Black "Schultz Pedersen, Jesper"]
[Result "1/2-1/2"]
[WhiteElo "2109"]
[BlackElo "2159"]
[PlyCount "41"]
[EventDate "2013.??.??"]

1. d4 Nc6 2. Nf3 d5 3. Bf4 Bg4 4. Nbd2 e6 5. e3 Bd6 6. Bg3 Nge7 7. Be2 O-O 8.
Ne5 Bxe2 9. Qxe2 Bxe5 10. dxe5 Nb4 11. Nf3 c5 12. O-O Qb6 13. Rfd1 Nbc6 14. b3
Ng6 15. c4 Qa6 16. Kf1 dxc4 17. bxc4 Qa4 18. h4 Nge7 19. Ng5 Na5 20. Rac1 h6
21. Ne4 1/2-1/2

[Event "NSU Open Mesterklassen 2013"]
[Site "Hillerod"]
[Date "2013.01.06"]
[Round "5"]
[White "Erlandsen, Carsten"]
[Black "Pedersen, Henrik Bolding"]
[Result "1/2-1/2"]
[WhiteElo "2083"]
[BlackElo "2109"]
[PlyCount "36"]
[EventDate "2013.??.??"]

1. d4 Nf6 2. c4 e6 3. Nf3 Bb4+ 4. Bd2 Qe7 5. g3 Nc6 6. Bg2 Bxd2+ 7. Nbxd2 O-O
8. O-O d6 9. Rc1 e5 10. e3 a5 11. Qc2 g6 12. a3 Bf5 13. Qc3 a4 14. Ne1 Rfe8 15.
Nd3 exd4 16. exd4 Bxd3 17. Qxd3 Qe2 18. Qc3 Qg4 1/2-1/2

[Event "NSU Open Mesterklassen 2013"]
[Site "Hillerod"]
[Date "2013.01.06"]
[Round "5"]
[White "Falkesgaard, Jorgen"]
[Black "Schultz Pedersen, Jesper"]
[Result "0-1"]
[WhiteElo "1863"]
[BlackElo "2159"]
[PlyCount "100"]
[EventDate "2013.??.??"]

1. g3 e5 2. Bg2 Nc6 3. d3 f5 4. e4 fxe4 5. Bxe4 Nf6 6. Bg5 Bc5 7. Nc3 O-O 8.
Bd5+ Kh8 9. Ne4 Be7 10. Bxf6 Bxf6 11. Qd2 Ne7 12. Nxf6 Rxf6 13. Bg2 Qf8 14. Nh3
d6 15. O-O Qe8 16. f4 Qh5 17. Ng5 exf4 18. gxf4 Bd7 19. Rae1 Nc6 20. Qe2 Qxe2
21. Rxe2 Raf8 22. Bxc6 Bxc6 23. Ne6 Rg6+ 24. Kf2 Rg2+ 25. Ke1 Rxe2+ 26. Kxe2
Re8 27. f5 Bd7 28. Kd2 c6 29. d4 Kg8 30. d5 cxd5 31. Nd4 Kf7 32. Rf3 Re4 33.
Ne2 Rh4 34. h3 Kf6 35. Nf4 d4 36. Nd5+ Ke5 37. f6 gxf6 38. Nxf6 Bxh3 39. Ne8
Bd7 40. Ng7 Rh2+ 41. Kd3 Rh3 42. Rxh3 Bxh3 43. Nh5 Bf5+ 44. Kd2 Bg6 45. Ng3 h5
46. c3 dxc3+ 47. bxc3 h4 48. Ne2 Ke4 49. a4 Kf3 50. Ke1 h3 0-1

[Event "NSU Open Mesterklassen 2013"]
[Site "Hillerod"]
[Date "2013.01.06"]
[Round "5"]
[White "Jakobsen, Peter"]
[Black "Kristensen, Kaare Hove"]
[Result "1/2-1/2"]
[WhiteElo "2230"]
[BlackElo "2339"]
[PlyCount "44"]
[EventDate "2013.??.??"]

1. d4 d5 2. c4 e6 3. Nf3 c6 4. Qc2 Nf6 5. g3 Bd6 6. Bg2 Nbd7 7. O-O O-O 8. Nbd2
Qe7 9. b3 e5 10. dxe5 Nxe5 11. Bb2 dxc4 12. Nxc4 Nxc4 13. Qxc4 Be6 14. Qh4 Bd5
15. Bxf6 Qxf6 16. Qxf6 gxf6 17. Nd4 Be6 18. Rad1 Rfd8 19. Nxe6 fxe6 20. Rd3 Be7
21. Rfd1 Rxd3 22. Rxd3 Rd8 1/2-1/2

[Event "NSU Open Mesterklassen 2013"]
[Site "Hillerod"]
[Date "2013.01.06"]
[Round "5"]
[White "Montgomery, Jan ElkjaerFrantsen"]
[Black "Pedersen, Martin Rosenkilde"]
[Result "1/2-1/2"]
[WhiteElo "2173"]
[BlackElo "2149"]
[PlyCount "33"]
[EventDate "2013.??.??"]

1. e4 c5 2. Nf3 e6 3. d4 cxd4 4. Nxd4 a6 5. Bd3 Bc5 6. Nb3 Be7 7. O-O d6 8. Nc3
Nf6 9. f4 Qc7 10. Qe2 Nbd7 11. g4 Nc5 12. Nxc5 dxc5 13. e5 Nd5 14. f5 Nxc3 15.
bxc3 Bd7 16. Bf4 c4 17. Be4 1/2-1/2

[Event "NSU Open Mesterklassen 2013"]
[Site "Hillerod"]
[Date "2013.01.06"]
[Round "5"]
[White "Ostergaard, Jens"]
[Black "Schmidt, Tommy B"]
[Result "1/2-1/2"]
[WhiteElo "2274"]
[BlackElo "2196"]
[PlyCount "106"]
[EventDate "2013.??.??"]

1. d4 Nf6 2. Nf3 g6 3. c4 Bg7 4. Nc3 O-O 5. e4 d6 6. Be2 Na6 7. O-O e5 8. Be3
Ng4 9. Bg5 Qe8 10. dxe5 dxe5 11. Nd2 f6 12. Bh4 h5 13. a3 Be6 14. h3 Nh6 15. b4
Rd8 16. Ra2 Qd7 17. Nb3 Qf7 18. Rd2 Rxd2 19. Qxd2 g5 20. Bg3 h4 21. Bh2 g4 22.
hxg4 Nxg4 23. b5 Bh6 24. Qd3 Nxh2 25. Kxh2 Nb8 26. Nc5 Bc8 27. Qd5 b6 28. Qxf7+
Rxf7 29. Nd3 c5 30. Nd5 Kg7 31. f4 Be6 32. fxe5 fxe5 33. Rxf7+ Bxf7 34. Kh3 Nd7
35. Kxh4 Bxd5 36. cxd5 c4 37. Nb4 c3 38. Bd1 Nc5 39. Bc2 Kf6 40. Kh5 Bc1 41. a4
Bd2 42. g4 Nb7 43. Kh4 Nd6 44. Kg3 Nc4 45. Kf3 Kg5 46. Ke2 Kxg4 47. Nc6 Kf4 48.
Nxa7 Nd6 49. Nc6 Nxe4 50. a5 bxa5 51. b6 Nd6 52. Nxa5 e4 53. Nc4 Nb7 1/2-1/2

[Event "NSU Open Mesterklassen 2013"]
[Site "Hillerod"]
[Date "2013.01.06"]
[Round "5"]
[White "Strange, Mikkel"]
[Black "Hove, Esben Kjems"]
[Result "1/2-1/2"]
[WhiteElo "2315"]
[BlackElo "2260"]
[PlyCount "41"]
[EventDate "2013.??.??"]

1. e4 c6 2. d4 d5 3. exd5 cxd5 4. c4 dxc4 5. Bxc4 Nf6 6. Nc3 a6 7. Nf3 e6 8.
O-O b5 9. Bb3 Be7 10. Ne5 Bb7 11. Qe2 O-O 12. Bg5 Nd5 13. Bxd5 Bxd5 14. Bxe7
Qxe7 15. Nxd5 exd5 16. Qf3 Qd6 17. Rac1 f6 18. Ng4 Nc6 19. Rcd1 Rfe8 20. Ne3
Re4 21. Rd2 1/2-1/2